Регионална библиотека "Любен Каравелов" - Русе

Щрихи от Гърция (Запис номер 139108)

MARC детайли
000 -Лидер
Контролно поле с фиксирана дължина nam a22 a 4500
003 - Код на организацията, давaща контролен номер
Контролно поле BLK
005 - Дата и час на последна редакция
Контролно поле 20220930111518.0
008 - Елементи от данни с фиксирана дължина
fixed length control field 180409b bul|||||r ||||||| ||bul||
010 ## - Наследен системен номер
LC control number KNG00145124000
040 ## - Източник на каталожния запис
Идентификатор на билиотеката - собственик на записа BLK
041 ## - Код за език
Код за езика на текст/звукозапис или на отделно заглавие Български
Код за езика КДБФ Български
080 ## - УДК
Текстов определител УДК Вътрешна политика. Вж и 329
УДК код - определител по УДК 323
УДК определител (495)
УДК - код + определител 323(495)
100 1# - Редна дума - Автор
Автор Бочев, Бочо
Авторска отговорност първи автор
R(LIN) 309101
139 ## - Редно поле
Редна дума Бочев, Бочо
Авторски знак Боч - Б 71
245 10 - Сведения за заглавието
Заглавие Щрихи от Гърция
Подзаглавни данни Полит. очерк
Редно поле (дума) Бочо Бочев.
257 ## - Страна на издаване
Страна на създаване/издаване България
260 ## - Област на издателските данни
Място на издаване, разпространение и проч. София
Име на издателя, разпространителя и проч. Партиздат
Година на издаване 1975
300 ## - Физическа характеристика
Страници 152 с.
Размери/Мащаб 21 см
380 ## - Жанр
Жанр Обществени науки
490 ## - СЕРИИ (Колекции)
Име на серия Светът през 70-те години
9 (RLIN) 205070
500 ## - Общи забележки
Забележка 5 610 тир.
650 #4 - Допълнително описание по предмет – тема
Основно описание – тема или топоним Гърция - вътрешна политика
9 (RLIN) 250294
653 ## - Ключова дума – ненормативна
Ключова дума Гърция
653 ## - Ключова дума – ненормативна
Ключова дума вътрешна политика
852 ## - Местоположение
Форматна сигнатура Цб 76942
Фондова буква Хранилище
856 4# - Електронен адрес и достъп
Електронен формат pdf - файл
856 4# - Електронен адрес и достъп
Електронен формат pdf - файл
999 ## - СИСТЕМНИ КОНТРОЛНИ НОМЕРА
Koha biblionumber 139108
Koha biblioitemnumber 139108
942 ## - АРТИКУЛИ
Вид на библиотечния материал Книги
Скрит в OPAC Не
Периодичен библиозапис Да
944 ## - СЪЗДАВАНЕ И РЕДАКЦИЯ на ЗАПИСА
Създаване/Редакция Създаване
Дата на регистрацията/редакция 08.07.2013
Статус, дата на статуса 08.07.2013 - от С1,Р / 08.07.2013
Служител, извършил регистрацията/редакцията Кети_Илиева
944 ## - СЪЗДАВАНЕ И РЕДАКЦИЯ на ЗАПИСА
Създаване/Редакция Редакция
Дата на регистрацията/редакция 2022-09-30
Служител, извършил регистрацията/редакцията ир
999 ## - СИСТЕМНИ КОНТРОЛНИ НОМЕРА
Koha biblioitemnumber 139108
Наличности
Код за отписване Код за изгубен артикул Източник на класификационната схема Код за повреда Коз за рестрикции Код за отдаване Артикулен № Име на библиотеката - собственик Име на библиотеката, в която се намира в момента Статус (Текущо местоположение) Дата на вписване в системата Местоположение - отдел Цена в лева Инвентарен номер Систематично азбучна сигнатура Баркод Номер на екземпляра Цена в евро Служебна бележка Служебен тип на артикула
  Не е изгубен Universal Decimal Classification Не е повреден само за читалня ползва се в читалня 227536 Регионална библиотека "Любен Каравелов" Русе Регионална библиотека "Любен Каравелов" Русе Хранилище 1975-01-01 Хранилище 0.75 187880 Цб 76942 120000187880 1 0.38 Вид: СФ Дата: 01.01.1975 Книги
Изтеглен Не е изгубен Universal Decimal Classification Не е повреден без рестрикции заемане за дома 227537 Регионална библиотека "Любен Каравелов" Русе Регионална библиотека "Любен Каравелов" Русе Заемна - подръчен фонд 1975-01-01 Заемна - подръчен фонд 0.75 187972 П 323(495)/Б 71 187972 2 0.38 Вид: СФ Дата: 01.01.1975 Дата инв: 21.03.2018 Бележки инв: П2018 Книги
Vip Innovations Ltd, Rousse, Bulgaria 2025